|
|
|
|
| LEADER |
00611 a2200181 4500 |
| 008 |
160905b xxu||||| |||| 00| 0 mal d |
| 020 |
|
|
|a 9788126464319
|
| 082 |
|
|
|a 891.43936S
|
| 100 |
|
|
|a Saramago, Jose
|
| 245 |
|
|
|a Guha /
|c Jose Saramago
|
| 260 |
|
|
|b D C books
|c 2015
|a Kottayam
|
| 300 |
|
|
|a 351p. ;
|c 21cm.
|
| 546 |
|
|
|a Malayalam
|
| 650 |
|
|
|a Portughese fiction
|
| 700 |
|
|
|a Janaki Sreedharan
|e Translator
|
| 942 |
|
|
|2 ddc
|c BK
|
| 999 |
|
|
|c 111702
|d 111702
|
| 952 |
|
|
|0 0
|1 0
|4 0
|6 891_000000000000000_43936S_GUH_M
|7 0
|9 117021
|a UL
|b UL
|c ST1
|d 2016-06-20
|e 176
|g 184.25
|l 1
|o 891.43936S GUH M
|p 94229
|r 2017-01-31
|s 2017-01-09
|v 275.00
|y BK
|